Stati del Commonwealth delle nazioni - Statistics

Statistiche generali
  • Questo quiz è stato fatto 100 volte
  • Il punteggio medio è 39 su 56
Statistiche sulle risposte
Anno di adesione Stato % Corretto
1942 Australia
100%
Nuova Zelanda
99%
1931 Regno Unito
96%
Canada
94%
1947 India
91%
Sudafrica
84%
1970 Figi
80%
1962 Giamaica
77%
1990 Namibia
77%
Pakistan
77%
1973 Bahamas
75%
1972 Bangladesh
75%
1983 Saint Kitts e Nevis
75%
Tonga
75%
1963 Kenya
74%
Saint Vincent e Grenadine
74%
1974 Grenada
72%
Tuvalu
72%
1980 Vanuatu
72%
Botswana
71%
1975 Papua Nuova Guinea
71%
Samoa
71%
Tanzania
71%
1999 Nauru
70%
Zambia
70%
Isole Salomone
68%
1979 Kiribati
68%
Lesotho
68%
1964 Malawi
68%
1960 Nigeria
68%
Saint Lucia
68%
Singapore
68%
1966 Barbados
67%
Uganda
67%
1957 Ghana
64%
1978 Dominica
62%
Malaysia
62%
Malta
62%
1948 Sri Lanka
62%
Trinidad e Tobago
62%
1995 Camerun
61%
Togo
61%
1981 Antigua e Barbuda
59%
1982 Maldive
59%
1976 Seychelles
59%
Belize
58%
1961 Cipro
58%
1968 Mauritius
58%
2003 Ruanda
58%
2022 Gabon
57%
1968 eSwatini
55%
Mozambico
55%
1965 Gambia
54%
Guyana
54%
Sierra Leone
54%
1984 Brunei
51%
Nessun quiz corrispondente trovato
Distribuzione punteggi
Percentuale di utenti per punteggio
Percentile per numero di risposta
I tuoi punteggi nel tempo
Non hai fatto questo quiz